00269nam a22000857a 4500008004100000082002200041245005300063260005800116300000900174230619b xxu||||| |||| 00| 0 eng d a306.349bKAB 1990 aRural Development in Eastern and Southern Africa aKenyabInternational DevelopmentResearch Centrec1990 a383p